the waiting years (Record no. 137493)

000 -LEADER
fixed length control field 00328nam a2200121Ia 4500
008 - FIXED-LENGTH DATA ELEMENTS--GENERAL INFORMATION
fixed length control field 220120s9999||||xx |||||||||||||| ||und||
082 ## - DEWEY DECIMAL CLASSIFICATION NUMBER
Classification number 823 ENC
100 ## - MAIN ENTRY--PERSONAL NAME
Personal name Enchi, Fumiko
9 (RLIN) 11950
245 #4 - TITLE STATEMENT
Title the waiting years
260 ## - PUBLICATION, DISTRIBUTION, ETC.
Place of publication, distribution, etc. Kodansha International
Name of publisher, distributor, etc. New Delhi
Date of publication, distribution, etc. 2002
300 ## - PHYSICAL DESCRIPTION
Other physical details 540
650 ## - SUBJECT ADDED ENTRY--TOPICAL TERM
Topical term or geographic name entry element INSTRUMENT AND MEASURMENTATION
Holdings
Withdrawn status Lost status Damaged status Not for loan Collection code Home library Current library Date acquired Total Checkouts Full call number Barcode Date last seen Date last checked out Price effective from Koha item type
        Humanity Science Central Library Central Library 01/20/2022 2 823 ENC GF1352 02/20/2023 02/03/2023 01/20/2022 Gift Books

Powered by Koha